Six thinking hats / (Record no. 353848)

000 -LEADER
fixed length control field 02499nam a2200313 a 4500
001 - CONTROL NUMBER
control field ASIN0141033053
003 - CONTROL NUMBER IDENTIFIER
control field OSt
005 - DATE AND TIME OF LATEST TRANSACTION
control field 20180116192419.0
008 - FIXED-LENGTH DATA ELEMENTS--GENERAL INFORMATION
fixed length control field 131127s2009 xxu eng d
020 ## - INTERNATIONAL STANDARD BOOK NUMBER
International Standard Book Number 0141033053
Terms of availability $22.00
020 ## - INTERNATIONAL STANDARD BOOK NUMBER
International Standard Book Number 9780141033051
020 ## - INTERNATIONAL STANDARD BOOK NUMBER
International Standard Book Number 978-0316178310
040 ## - CATALOGING SOURCE
Transcribing agency
050 04 - LIBRARY OF CONGRESS CALL NUMBER
Classification number BF441
082 04 - DEWEY DECIMAL CLASSIFICATION NUMBER
Classification number 153.42
100 1# - MAIN ENTRY--PERSONAL NAME
Personal name De Bono, Edward.
9 (RLIN) 7143
245 10 - TITLE STATEMENT
Title Six thinking hats /
Statement of responsibility, etc. Edward de Bono.
260 ## - PUBLICATION, DISTRIBUTION, ETC.
Place of publication, distribution, etc. [S.l.] :
Name of publisher, distributor, etc. Viking,
Date of publication, distribution, etc. 2009.
300 ## - PHYSICAL DESCRIPTION
Extent 192 p. ;
Dimensions 19 cm.
520 ## - SUMMARY, ETC.
Summary, etc. The multi million-copy bestseller "Six Thinking Hats" by Edward de Bono, author of "Lateral Thinking" and "I Am Right You Are Wrong", teaches you how to run better meetings and make better decisions. Meetings are a crucial part of all our lives, but too often they go nowhere and waste valuable time. In "Six Thinking Hats", Edward de Bono shows how meetings can be transformed to produce quick, decisive results every time. The Six Hats method is a devastatingly simple technique based on the brain's different modes of thinking. The intelligence, experience and information of everyone is harnessed to reach the right conclusions quickly. These principles fundamentally change the way you work and interact. They have been adopted by businesses and governments around the world to end conflict and confusion in favour of harmony and productivity. "An inspiring man with brilliant ideas. De Bono never ceases to amaze with his clarity of thought". (Richard Branson). Edward de Bono invented the concept of lateral thinking. A world-renowned writer and philosopher, he is the leading authority in the field of creative thinking and the direct teaching of thinking as a skill. Dr de Bono has written more than 60 books, in 40 languages, with people now teaching his methods worldwide. He has chaired a special summit of Nobel Prize laureates, and been hailed as one of the 250 people who have contributed most to mankind. Dr de Bono's titles include classic bestsellers such as "Six Thinking Hats", "Lateral Thinking", "I Am Right You Are Wrong", "Teach Yourself How To Think", "Teach Your Child How To Think", and "Simplicity".
650 #0 - SUBJECT ADDED ENTRY--TOPICAL TERM
Topical term or geographic name entry element Creative ability
9 (RLIN) 7144
650 #0 - SUBJECT ADDED ENTRY--TOPICAL TERM
Topical term or geographic name entry element Creative thinking
9 (RLIN) 7145
650 #0 - SUBJECT ADDED ENTRY--TOPICAL TERM
Topical term or geographic name entry element Decision making
9 (RLIN) 7146
650 #0 - SUBJECT ADDED ENTRY--TOPICAL TERM
Topical term or geographic name entry element Problem solving
9 (RLIN) 7147
650 #0 - SUBJECT ADDED ENTRY--TOPICAL TERM
Topical term or geographic name entry element Reasoning
9 (RLIN) 7148
650 #0 - SUBJECT ADDED ENTRY--TOPICAL TERM
Topical term or geographic name entry element Thought and thinking
9 (RLIN) 7149
856 40 - ELECTRONIC LOCATION AND ACCESS
Materials specified Amazon.com
Uniform Resource Identifier <a href="http://www.amazon.com/exec/obidos/ASIN/0141033053/chopaconline-20">http://www.amazon.com/exec/obidos/ASIN/0141033053/chopaconline-20</a>
942 ## - ADDED ENTRY ELEMENTS (KOHA)
Source of classification or shelving scheme
Koha item type Book
Holdings
Withdrawn status Lost status Source of classification or shelving scheme Damaged status Not for loan Permanent Location Current Location Date acquired Total Checkouts Total Renewals Full call number Barcode Date last seen Date last checked out Cost, replacement price Price effective from Koha item type
          School of Art Design and Architecture (SADA) School of Art Design and Architecture (SADA) 11/27/2013 6 1 153.42 DEB 1999 SADA0002168 12/29/2025 09/12/2025 1585.11 11/27/2013 Book
© 2023 Central Library, National University of Sciences and Technology. All Rights Reserved.